Els titols valors

Bibliographic Details
Main Author: Garca̕ Arǹ, Gemma
Format: Unknown
Language:Spanish
Published: Barcelona : Universitat Oberta de Catalunya, D. L. 1997
Subjects:
Online Access:Acceso restringido

MARC

LEADER 00000ny a22000003n 4500
005 20110603145158.0
008 080609s1997 sp s 000 0 spa c
020 |a 8483180219 
035 |a 1538 
040 |a UMA.RE  |d vLex 
080 |a 347.745./746(0.034) 
090 |c 453  |d 453 
100 1 |a Garca̕ Arǹ, Gemma 
245 1 4 |a Els titols valors  |h [Recurso electrn̤ico]  |c Gemma Garca̕ Arǹ 
256 |a Servicio en ln̕ea 
260 |a Barcelona :  |b Universitat Oberta de Catalunya,  |c D. L. 1997 
506 1 |a Contenido solo disponible en los productos indicados  |d vLex Global  |d vLex Global (Academic Edition, excluding Law Schools)  |d vLex Global (U.S. Academic Edition, Law Schools)  |d vLex Global (U.S. Academic Edition, excluding Law Schools)  |d vLex Global (Academic Edition, Law Schools) 
650 0 7 |a Tt̕ulos valores  |2 Tesauro vLex 
740 0 |a vLex Libros (Servicios en ln̕ea) 
856 4 0 |u http://vlex.com/source/1538  |z Acceso restringido 
942 |c BOOK 
999 0 |a Law   |b Barcelona